000 01231nam a2200301 a 4500
001 000022225
003 DO-SdBNP
005 20220810101415.0
007 ta
008 100920s1979 dr ac 001 0 spa d
020 _a8484010244
040 _aDO-SdBNP
_bspa
_cBNPHU
082 4 _a910.45
_bE96p
_222
100 1 _aExquemelin, A. O.
_q(Alexandre Olivier)
_945961
245 1 4 _aLos piratas de América /
_cAlexander Olivier Exquemelin.
260 _aSanto Domingo :
_bEditora de Santo Domingo
_bSociedad Dominicana de Bibliófilos,
_c1979.
300 _a280 p. :
_bil., retrs. ;
_c23 cm.
490 1 _aCultura dominicana
500 _aIncluye bibliografía y notas al pie de páginas.
520 _aSe narra las vidas y hazañas de los bucaneros y filibusteros que desde Santo Domingo y la Tortuga infestaron y saquearon toda el área del Caribe.
534 _pTítulo original:
_tLos piratas de América
_b1678
_cAmsterdam
590 _aInventariado, 2022/BT
650 4 _aPiratas
_xHistoria
_zRepública Dominicana
_945962
651 4 _aRepública Dominicana
_xHistoria
_yGobierno colonial español, 1511-1795
_945963
830 0 _aCultura dominicana
_91708
910 _aValidado. Control de calidad EMS
942 _2ddc
_cLBS1
999 _c21723
_d21723